000
00290nam a2200109 4500
999
_c
9872
_d
9872
008
180720b ||||| |||| 00| 0 eng d
245
_a
Ecotourism fest set in Subic.
260
_a
Philippines
_b
The Philippine Star
_c
c2017
300
_a
page C9.
650
0
_9
29190
_a
Tourism.
942
_2
ddc
_c
PER